000 01021cam a22003373a 4500
001 9675
003 PGUSA
005 20140828083215.0
008 060101s2006||||xxu|||||s|||||000 1 eng d
040 _aPGUSA
_beng
042 _adc
050 4 _aPR
100 1 _aEliot, George,
_d1819-1880
245 1 4 _aThe Mill on the Floss
_h[electronic resource] /
_cGeorge Eliot
260 _bProject Gutenberg,
_c2006
506 _aCopyrighted. Read the copyright notice inside this book for details.
516 _aElectronic text
653 _aPsychological fiction
653 _aBrothers and sisters -- Fiction
653 _aYoung women -- Fiction
653 _aVendetta -- Fiction
653 _aConflict of generations -- Fiction
653 _aEngland -- Fiction
653 _aWater mills -- Fiction
653 _aLove stories
653 _aLoss (Psychology) -- Fiction
653 _aDomestic fiction
830 0 _aProject Gutenberg
_v9675
856 4 0 _uhttp://www.gutenberg.org/ebooks/9675
942 _cAB
999 _c238931
_d238931